| 000 | 00412nam a2200157Ia 4500 | ||
|---|---|---|---|
| 008 | 210210b1995 xxu||||| |||| 00| 0 eng d | ||
| 020 | _a81 7493 074 4 | ||
| 082 | _a658.3 RAOH | ||
| 100 | _aRAO (P Subba). | ||
| 245 | _aHuman aspects of management. | ||
| 260 |
_aBombay. _bHimalaya Publishing House _c1995 |
||
| 300 | _a293 | ||
| 650 | _aHuman Management | ||
| 690 | _aPersonnel Management | ||
| 906 | _a050962 | ||
| 999 |
_c99739 _d99739 |
||